Les cartes spéciales de la Ligue 1 et Ligue 2 sur Fifa 14 - Statistiques

Statistiques générales
  • Ce quiz a été pris 16 fois
  • Le résultat moyen est 75 sur 127
Statistiques - réponses
Général Type de quiz Poste Clubs Ligue Nationalité Réponse % Correct
88 MOTM BU PSG Ligue 1 Uruguay Edinson Cavani
100%
87 TOTW AG PSG Ligue 1 Argentine Ezequiel Lavezzi
100%
86 TOTW AG PSG Ligue 1 Argentine Ezequiel Lavezzi
100%
91 TOTS MOC AS Monaco Ligue 1 Colombie James Rodriguez
100%
89 iMOTM MOC AS Monaco Ligue 1 Colombie James Rodriguez
100%
88 iMOTM MOC AS Monaco Ligue 1 Colombie James Rodriguez
100%
87 TOTW MOC AS Monaco Ligue 1 France James Rodriguez
100%
86 TOTW MOC AS Monaco Ligue 1 Colombie James Rodriguez
100%
85 TOTW MOC AS Monaco Ligue 1 Colombie James Rodriguez
100%
84 TOTW MD AS Monaco Ligue 1 Colombie James Rodriguez
100%
94 TOTY DC PSG Ligue 1 Bresil Thiago Silva
100%
92 TOTS DC PSG Ligue 1 Bresil Thiago Silva
100%
90 iMOTM DC PSG Ligue 1 Bresil Thiago Silva
100%
89 TOTW DC PSG Ligue 1 Bresil Thiago Silva
100%
88 TOTW DC PSG Ligue 1 Bresil Thiago Silva
100%
96 TOTY BU PSG Ligue 1 Suede Zlatan Ibrahimovic
100%
95 TOTS BU PSG Ligue 1 Suede Zlatan Ibrahimovic
100%
93 MOTM BU PSG Ligue 1 Suede Zlatan Ibrahimovic
100%
92 TOTW BU PSG Ligue 1 Suede Zlatan Ibrahimovic
100%
91 TOTW BU PSG Ligue 1 Suede Zlatan Ibrahimovic
100%
90 TOTW BU PSG Ligue 1 Suede Zlatan Ibrahimovic
100%
82 TOTS BU OL Ligue 1 France Alexandre Lacazette
94%
77 TOTW BU OL Ligue 1 France Alexandre Lacazette
94%
87 TOTS MDC PSG Ligue 1 France Blaise Matuidi
94%
85 TOTW MC PSG Ligue 1 France Blaise Matuidi
94%
84 iMOTM MC PSG Ligue 1 France Blaise Matuidi
94%
83 TOTW MC PSG Ligue 1 France Blaise Matuidi
94%
82 TOTW MC PSG Ligue 1 France Blaise Matuidi
94%
81 iMOTM G AC Ajaccio Ligue 2 Mexique Guillermo Ochoa
94%
80 TOTW G AC Ajaccio Ligue 2 Mexique Guillermo Ochoa
94%
83 TOTS MDC PSG Ligue 1 Italie Marco Verratti
94%
79 TOTW MC PSG Ligue 1 Italie Marco Verratti
94%
80 TOTW DG PSG Ligue 1 Bresil Maxwell
94%
79 TOTW DG PSG Ligue 1 Bresil Maxwell
94%
86 TOTS G ASSE Ligue 1 France Stephane Ruffier
94%
85 TOTS MDC PSG Ligue 1 Italie Thiago Motta
94%
83 TOTW AD PSG Ligue 1 Bresil Lucas Moura
88%
83 iMOTM DC PSG Ligue 1 Bresil David Luiz
81%
83 TOTW BU AS Monaco Ligue 1 Bulgarie Dimitar Berbatov
81%
84 TOTW MC AS Monaco Ligue 1 Portugal Joao Moutinho
81%
81 TOTW DC ASSE Ligue 1 France Loic Perrin
81%
80 TOTW DC ASSE Ligue 1 France Loic Perrin
81%
84 TOTW MOC Montpellier HSC Ligue 1 France Remy Cabella
81%
80 TOTW BU Montpellier HSC Ligue 1 France Remy Cabella
81%
78 TOTW MOC Montpellier HSC Ligue 1 France Remy Cabella
81%
82 TOTS DLD Toulouse FC Ligue 1 Côte d'Ivoire Serge Aurier
81%
79 iMOTM DD Toulouse FC Ligue 1 Côte d'Ivoire Serge Aurier
81%
77 TOTW MD Toulouse FC Ligue 1 Côte d'Ivoire Serge Aurier
81%
85 TOTS G LOSC Ligue 1 Nigeria Vincent Enyeama
81%
82 iMOTM G LOSC Ligue 1 Nigeria Vincent Enyeama
81%
81 TOTW G LOSC Ligue 1 Nigeria Vincent Enyeama
81%
80 TOTW G LOSC Ligue 1 Nigeria Vincent Enyeama
81%
82 iMOTM MG OM Ligue 1 Ghana André Ayew
75%
81 TOTW AG OM Ligue 1 Ghana André Ayew
75%
82 TOTS BU OM Ligue 1 France André-Pierre Gignac
75%
82 TOTW MOC OM Ligue 1 France Dimitri Payet
75%
81 TOTW MC OM Ligue 1 France Dimitri Payet
75%
77 TOTW BU FC Sochaux Ligue 1 Ghana Jordan Ayew
75%
80 TOTW DC PSG Ligue 1 Bresil Marquinhos
75%
83 TOTW DC OM Ligue 1 Cameroun Nicolas Nkoulou
75%
82 TOTW DC OM Ligue 1 Cameroun Nicolas Nkoulou
75%
82 TOTS DC LOSC Ligue 1 Danemark Simon Kjaer
75%
77 TOTW DC LOSC Ligue 1 Danemark Simon Kjaer
75%
82 TOTW DC PSG Ligue 1 Bresil Alex
69%
81 TOTW G Stade Rennais Ligue 1 France Benoit Costil
69%
80 TOTW G Stade Rennais Ligue 1 France Benoit Costil
69%
82 TOTW G Girondins de Bordeaux Ligue 1 France Cedric Carrasso
69%
82 TOTS DG OL Ligue 1 Cameroun Henri Bedimo
69%
77 TOTW DG OL Ligue 1 Cameroun Henri Bedimo
69%
79 TOTW BU Toulouse FC Ligue 1 France Wissam Ben Yedder
69%
77 TOTW BU Toulouse FC Ligue 1 France Wissam Ben Yedder
69%
84 TOTW AD OM Ligue 1 France Mathieu Valbuena
63%
83 TOTW MOC OM Ligue 1 France Mathieu Valbuena
63%
77 TOTW DC OM Ligue 1 Senegal Souleymane Diawara
63%
80 TOTW DC Toulouse FC Ligue 1 Tunisie Aymen Abdennour
56%
87 TOTS MDC AS Monaco Ligue 1 France Jeremy Toulalan
56%
83 TOTW MDC AS Monaco Ligue 1 France Jeremy Toulalan
56%
73 TOTW G OL Ligue 1 Portugal Anthony Lopes
50%
74 TOTW DC OL Ligue 1 Burkina Faso Bakary Kone
50%
73 TOTW G AS Monaco Ligue 1 Croatie Danijel Subasic
50%
77 TOTW DG PSG Ligue 1 France Lucas Digne
50%
85 TOTS DC LOSC Ligue 1 Montenegro Marko Basa
50%
80 TOTW DC LOSC Ligue 1 Montenegro Marko Basa
50%
79 TOTW DC LOSC Ligue 1 Montenegro Marko Basa
50%
74 TOTW MOC Evian Thonon Gaillard FC Ligue 1 Danemark Daniel Wass
38%
74 TOTS DG AS Monaco Ligue 1 France Layvin Kurzawa
38%
81 TOTW BU LOSC Ligue 1 Côte d'Ivoire Salomon Kalou
38%
80 TOTW MD LOSC Ligue 1 Côte d'Ivoire Salomon Kalou
38%
74 TOTS BU Tours FC Ligue 2 France Andy Delort
31%
78 TOTW MDC Stade de Reims Ligue 1 Pologne Grzegorz Krychowiak
31%
77 TOTW DC Girondins de Bordeaux Ligue 1 Senegal Lamine Sane
31%
73 TOTW G FC Nantes Ligue 1 France Remy Riou
31%
78 TOTW MOC SC Bastia Ligue 1 Algerie Ryad Boudebouz
31%
74 TOTW BU Girondins de Bordeaux Ligue 1 Mali Cheick Diabate
25%
77 TOTW MOC ESTAC Troyes Ligue 2 France Benjamin Nivet
19%
71 TOTW BU FC Istres Ligue 2 Mali Cheick Diarra
19%
74 TOTW DG OM Ligue 1 France Jeremy Morel
19%
74 TOTW G Valenciennes FC Ligue 2 France Nicolas Penneteau
19%
74 TOTS BU FC Lorient Ligue 1 Cameroun Vincent Aboubakar
19%
71 TOTW MD Girondins de Bordeaux Ligue 1 Uruguay Diego Rolan
13%
77 TOTW MG OGC Nice Ligue 1 France Eric Bautheac
13%
74 TOTS MC ASSE Ligue 1 France Fabien Lemoine
13%
77 TOTW DC OGC Nice Ligue 1 France Mathieu Bodmer
13%
79 TOTW DC AS Monaco Ligue 1 France Ricardo Carvalho
13%
74 TOTW DD Stade Rennais Ligue 1 France Romain Danze
13%
74 TOTW DC SC Bastia Ligue 1 France Sebastien Squillaci
13%
73 TOTW MC Stade de Reims Ligue 1 France Antoine Devaux
6%
77 TOTW G OGC Nice Ligue 1 Colombie David Opsina
6%
64 TOTS BU FC Metz Ligue 1 Senegal Diafra Sakho
6%
73 TOTW MOC SM Caen Ligue 1 France Fayçal Fajr
6%
71 TOTW MOC SM Caen Ligue 1 France Fayçal Fajr
6%
74 TOTW MC Stade Rennais Ligue 1 Cameroun Jean II Makoun
6%
73 TOTW MG FC Nantes Ligue 1 Togo Serge Gakpé
6%
72 TOTW DC RC Lens Ligue 1 Tunisie Alaeddine Yahia
0%
79 TOTW AG Montpellier HSC Ligue 1 France Anthony Mounier
0%
71 TOTW G FC Lorient Ligue 1 France Benjamin Lecompte
0%
68 TOTW MD Tours FC Ligue 2 France Billy Ketkeophomphone
0%
64 TOTW MD Tours FC Ligue 2 France Billy Ketkeophomphone
0%
71 TOTW AD RC Lens Ligue 1 Cameroun Edgar Salli
0%
69 TOTW AD Dijon FCO Ligue 2 France Florin Berenguer
0%
74 TOTW AG Stade Rennais Ligue 1 Algerie Foued Kadir
0%
78 TOTW G Montpellier HSC Ligue 1 France Geoffrey Vercoutre
0%
72 MOTM BU EA Guingamp Ligue 1 Mali Mustapha Yataboré
0%
79 TOTW BU Stade Rennais Ligue 1 Suede Ola Toinoven
0%
74 TOTW DG LOSC Ligue 1 Senegal Pape Souaré
0%
73 TOTW DG LOSC Ligue 1 Senegal Pape Souaré
0%
77 TOTW MD FC Lorient Ligue 1 France Yann Jouffre
0%
Aucun quiz correspondant
Distribution des résultats
% des personnes avec chaque résultat
Percentile par nombre de réponses
Votre historique - résultats
Vous n’avez pas pris ce quiz